000 04332nam a22003377a 4500
001 TIGAL 0086
003 gtcocun
005 20250917180518.0
006 a||||gr|||| 00| 0
007 ta
008 250917b2024 gt ||||| m||| 00| 0 eng d
040 _agtcocun
_bSPA
_cgtcocun
_eRDA
041 _aSPA TIGAL0086
084 _0TIGAL0086
100 _aSierra Riveiro, José Carlos
_eAutor
245 _aINFORME FINAL DEL EJERCICIO PROFESIONAL SUPERVISADO REALIZADO EN LA MUNICIPALIDAD DE CHISEC Y ALDEA SEGUACHIL, MICRO REGIÓN RURAL DEL MUNICIPIO DE CHISEC, ALTA VERAPAZ/
_cJosé Carlos Sierra Riveiro.
_hImpreso
264 _aCobán, Alta Verapaz:
_bUniversidad de San Carlos de Guatemala, Centro Universitario del Norte, Carrera de Ingeniería en Gestión Ambiental Local
_c2024
300 _a91 p.:
_bIlustraciones, gráficas.
_c28 cm;
300 _cPDF
336 _2rdacontenido
_aTexto
_btxt
337 _2rdamedio
_aComputadora
_bn
338 _2rdasoporte
_aCódigo en línea
_bcr
502 _eTIGAL 0086
502 _aTesis de grado
_bCarrera de Ingeniería en Gestión Ambiental Local,
_cUniversidad de San Carlos de Guatemala, Centro Universitario del Norte, Carrera de Ingeniería en Gestión Ambiental Local
_d2024
_oTIGAL 0086
520 1 4 _aEl Ejercicio Profesional Supervisado tuvo impacto en la aldea Seguachil, micro región rural, del municipio de Chisec, Alta Verapaz. Según lo diagnosticado y analizado es la aldea con mayor afectación en cuanto al tema de educación ambiental, deforestación y contaminación de fuentes hídricas. La población será beneficiada con un proyecto integrado que de forma sostenible estabilizará dicha problemática. Con la implementación de actividades, facilitaron conocimientos ambientales en grupos focales para una mayor incidencia en la aldea Seguachil, ya que según lo diagnosticado los principales problemas son el inadecuado manejo de los desechos sólidos, deforestación, caza de fauna, quema de basura, roza, entre otras prácticas que impactan al ambiente. La deficiente educación ambiental es la causa principal de dicha problemática, desde niños hasta adultos, pocos ejercen parte de la cultura ambiental que debe existir en todo lugar. Fue de suma importancia la elaboración de un plan de educación ambiental, en el que se impartieron varios talleres para reforzar el conocimiento sobre el ambiente y la importancia de la protección y conservación de los recursos naturales de nuestro entorno, para promover el saneamiento ambiental, la reforestación, y el cuidado de la fuente hídrica con la que cuenta dicha aldea. Este plan fue dirigido a estudiantes de la escuela que se encuentra en Seguachil, al grupo de mujeres y a las comisiones de agua, ambiente, jóvenes y la directiva de COCODE, contó con la participación de la municipalidad de Chisec, Universidad Rural con sede en el municipio de Chisec y el Colegio Tecnológico en Informática del municipio de Cobán, Alta Verapaz. También se realizó una investigación en la microregión Playitas del municipio de Chisec, Alta Verapaz, donde se evaluó el riesgo de inundaciones que existía en el área, a través de trabajo de campo, utilización de bases de datos y sistemas de información geográfica, con el objetivo de determinar, mediante una zonificación, los niveles de riesgo de esta índole para implementar medidas de respuesta inmediata previas a un desastre natural. El estudio determinó que las inundaciones son la principal amenaza en la microregión, ocurren más de dos veces al año y causan daños a la infraestructura, cultivos y salud de la población. Se identificó niveles de riesgo alto, medio y bajo, representados en un mapa que muestra la vulnerabilidad de las comunidades. La mayoría del territorio es altamente vulnerable a inundaciones, y la población vive en pobreza extrema.
650 1 4 _2LEMB
_aChisec, Alta Verapaz
_xIngeniería en Gestión Ambiental Local
_xEducación ambiental
_xDeforestación
_xContaminación
_xRoza
_xFauna
700 _aIng. Nery Alejandro Chocooj Barrientos
_eAsesor
856 _uhttps://drive.google.com/file/d/1IFOypFBJp9wKIEb4CDSEfUtaDDCPi5UF/view
_yPDF
_zUn ejemplar en línea.
942 _2ddc
_cTES
_iTIGAL 0086
_kClasificación
_n0
_6TIGAL_0086_000000000000000
999 _c1891
_d1891